Cumbres borrascosas / (Record no. 15014)
[ view plain ]
| 000 -LEADER | |
|---|---|
| campo de control de longitud fija | 00681nam a2200217 i 4500 |
| 001 - NÚMERO DE CONTROL | |
| campo de control | 15014 |
| 003 - IDENTIFICADOR DE NÚMERO DE CONTROL | |
| campo de control | ES-MaACL |
| 005 - FECHA Y HORA DE LA ÚLTIMA TRANSACCIÓN | |
| campo de control | 20260415165608.0 |
| 007 - CAMPO FIJO DE DESCRIPCIÓN FÍSICA--INFORMACIÓN GENERAL | |
| campo de control de longitud fija | t| |
| 008 - DATOS DE LONGITUD FIJA--INFORMACIÓN GENERAL | |
| campo de control de longitud fija | 991129s1994 sp ||||1| spa d |
| 020 ## - NÚMERO INTERNACIONAL ESTÁNDAR DEL LIBRO | |
| Número Internacional Estándar del Libro | 84-226-5145-9 |
| 080 ## - NÚMERO DE LA CLASIFICACIÓN DECIMAL UNIVERSAL | |
| Número de la Clasificación Decimal Universal | 821.111-31"18" |
| 100 0# - ENTRADA PRINCIPAL--NOMBRE DE PERSONA | |
| Nombre de persona | Brontë, Emily. |
| 9 (RLIN) | 31901 |
| 245 10 - MENCIÓN DEL TÍTULO | |
| Título | Cumbres borrascosas / |
| Mención de responsabilidad, etc. | Emily Brontë ; traducción y prólogo de Carmen Martín Gaite. |
| 260 ## - PUBLICACIÓN, DISTRIBUCIÓN, ETC. | |
| Lugar de publicación, distribución, etc. | Barcelona : |
| Nombre del editor, distribuidor, etc. | Círculo de Lectores, |
| Fecha de publicación, distribución, etc. | [1994] |
| 300 ## - DESCRIPCIÓN FÍSICA | |
| Extensión | 396 p. ; |
| Dimensiones | 22 cm. |
| 700 1# - ENTRADA AGREGADA--NOMBRE PERSONAL | |
| Nombre de persona | Martín Gaite, Carmen, |
| Fechas asociadas al nombre | 1925-2000 |
| 9 (RLIN) | 77496 |
| 852 ## - LOCALIZACIÓN | |
| Ubicación | ES-MaACL |
| Número de control de estantería | L-22176 |
| Sublocalización o colección | R.127464 |
| Donativo/Legado | Donación: Carmen Martín Gaite |
| 942 ## - ELEMENTOS DE ENTRADA SECUNDARIOS (KOHA) | |
| Fuente del sistema de clasificación o colocación | Clasificación decimal universal |
| Estatus retirado | Estado de pérdida | Fuente del sistema de clasificación o colocación | Estado de daño | No para préstamo | Biblioteca de origen | Biblioteca actual | Ubicación en estantería | Fecha de adquisición | Fuente de adquisición | Total de préstamos | Signatura topográfica completa | Código de barras | Visto por última vez | Fecha del último préstamo | Precio de reemplazo | Tipo de ítem Koha |
|---|---|---|---|---|---|---|---|---|---|---|---|---|---|---|---|---|
| Clasificación decimal universal | Biblioteca del Ateneo de Madrid | Biblioteca del Ateneo de Madrid | Depósito 2 | 17/01/2008 | 1 | L-22176 | 1015269 | 15/04/2026 | 20/03/2026 | 23/02/2023 | Libro impreso |
